Loki (série) - Statistiques

Statistiques générales
  • Ce quiz a été pris 123 fois
    116 depuis la dernière actualisation
  • Le résultat moyen est 7 sur 13
Statistiques - réponses
Hint Réponse % Correct
1 Loki
100%
2 Sylvie
87%
3 Mobius
84%
4 Kang / Celui qui demeure
68%
8 Miss minutes
63%
12 X-5 / Brad Wolfe
53%
7 B-15
49%
6 Ravenna Renslayer
48%
5 Ouroboros
43%
10 Victor Timely
40%
9 Casey
35%
13 C-20
21%
11 Générale Dox
13%
Aucun quiz correspondant
Distribution des résultats
% des personnes avec chaque résultat
Percentile par nombre de réponses
Votre historique - résultats
Vous n’avez pas pris ce quiz depuis la dernière actualisation